American cutting edge with anser key : Test
Kaydedildi:
| Yazar: | |
|---|---|
| Materyal Türü: | Kitap |
| Dil: | Undetermined |
| Baskı/Yayın Bilgisi: |
Hong Kong
Longman Asia ELT
2004
|
| Konular: | |
| Etiketler: |
Etiketle
Etiket eklenmemiş, İlk siz ekleyin!
|
| Thư viện lưu trữ: | Trung tâm Học liệu Trường Đại học Cần Thơ |
|---|
| LEADER | 00559nam a2200217Ia 4500 | ||
|---|---|---|---|
| 001 | CTU_74406 | ||
| 008 | 210402s9999 xx 000 0 und d | ||
| 020 | |c 93000 | ||
| 082 | |a 428.24 | ||
| 082 | |b E11/L.4 | ||
| 100 | |a Eales, France | ||
| 245 | 0 | |a American cutting edge with anser key : | |
| 245 | 0 | |b Test | |
| 245 | 0 | |c France Eales | |
| 260 | |a Hong Kong | ||
| 260 | |b Longman Asia ELT | ||
| 260 | |c 2004 | ||
| 650 | |a English language | ||
| 650 | |x Examination,Test | ||
| 904 | |i Mai Loan | ||
| 980 | |a Trung tâm Học liệu Trường Đại học Cần Thơ | ||